000 00708nam a22001577a 4500
999 _c56932
_d56932
005 20190626153147.0
008 190626s1953 ru ||||| |||| 00| 0 rus d
041 _arus
245 _aЭнциклопедический словарь : В 3 т : т. 1: А - Й /
_cГл. ред. Б. А. Введенский
264 _a Москва :
_b Большая сов. энцикл,
_c1953.
300 _a 719 с.:
_b ил.
_c28 см.
653 _a Энциклопедический словарь
653 _aენციკლოპედიური ლექსიკონი
700 _aВведенский, Б. А.
_eმთავარი რედაქტორი
_92967
942 _2udc
_cBK